000 00667nam a2200265Ia 4500
005 20260121172756.0
008 008 260114s9999 xx 000 0 eng d
020 _a9789811650253
037 _aEBOOK
040 _aCRL
040 _beng
040 _cCRL
041 _2eng
041 _aeng
084 _qCRL
100 _aJiwei Qian
_91092579
245 4 _aThe Political Economy of Making and Implementing Social Policy in China
260 _bSpringer
260 _bSpringer
260 _c2021
856 _uhttps://link.springer.com/openurl?genre=book&isbn=978-981-16-5025-3
942 _cEBOOK
999 _c1658319
_d1658319